书目信息 |
| 题名: |
山川任悠远 瑞士中南行
|
|
| 作者: | 韩博 著 | |
| 分册: | ||
| 出版信息: | 上海 上海书店出版社 2007.08 |
|
| 页数: | 203页 | |
| 开本: | ||
| 丛书名: | ||
| 单 册: | ||
| 中图分类: | I267.4 | |
| 科图分类: | ||
| 主题词: | 散文--中国 , 散文--作品综合集--中国 | |
| 电子资源: | ||
| ISBN: | 978-7-80678-755-7 | |
| 000 | 00489nam0 2200193 45 | |
| 005 | 20080927113616.26 | |
| 010 | @a978-7-80678-755-7@dCNY29.00 | |
| 092 | @bLR | |
| 102 | @aCN@b310000 | |
| 200 | 1 | @a山川任悠远 瑞士中南行@f韩博著@Fhan bo zhu |
| 210 | @a上海@c上海书店出版社@d2007.08 | |
| 215 | @a203页 | |
| 606 | 0 | @a散文@x中国 |
| 606 | 0 | @a散文@x作品综合集@x中国 |
| 690 | @aI267.4@v4 | |
| 701 | 0 | @a韩博@Ahan bo@4著 |
| 801 | 0 | @c20080927 |
| 905 | @dI267.4@eH076@f3 | |
| 906 | @cLR@dCNY29.00@n0@r1 | |
| 山川任悠远 瑞士中南行/韩博著.-上海:上海书店出版社,2007.08 |
| 203页 |
| ISBN 978-7-80678-755-7:CNY29.00 |
| ● |
| 相关链接 |
|
|
|
正题名:山川任悠远 瑞士中南行
索取号:I267.4/H076
 
预约/预借
| 序号 | 登录号 | 条形码 | 馆藏地/架位号 | 状态 | 备注 |
| 1 | 840782 | 208407829 | 社科二线422/422社科库 26排1列2层/ [索取号:I267.4/H076] | 在馆 | |
| 2 | 840783 | 208407838 | 社科二线422/422社科库 26排1列2层/ [索取号:I267.4/H076] | 在馆 | |
| 3 | 840784 | 208407847 | 文学库116/116文学库 11排6列4层/ [索取号:I267.4/H076] | 在馆 |